[Event "Let's Play Chess!"]
[Site "http://www.queenalice.com/game.php?id=303833"]
[Date "2007.11.14"]
[Round "-"]
[White "kaypoh"]
[Black "CJ"]
[Result "1-0"]
[WhiteElo "1945"]
[BlackElo "1601"]

1. d4 Nf6 2. Bg5 Ne4 3. Bf4 e6 4. f3 Qh4+ 5. g3 Qf6 6. fxe4 Nc6 7. e3 Bb4+ 8. c3
Ba5 9. Bg2 d6 10. Nf3 b6 11. e5 dxe5 12. Nxe5 Nxe5 13. Bxe5 Qe7 14. Bxa8 f6 15.
Bxc7 Qxc7 16. O-O O-O 17. Bg2 e5 18. e4 Bb7 19. Qd3 a6 20. Nd2 b5 21. d5 Qc5+
22. Kh1 Bb6 23. Rad1 a5 24. d6 Rd8 25. c4 bxc4 26. Nxc4 Ba6 27. b3 g5 28. Qd5+
Qxd5 29. Rxd5 Bxc4 30. bxc4 h5 31. Rc1 Rb8 32. c5 Bd8 33. c6 Rc8 34. c7 Bxc7 35.
dxc7 g4 36. Rd8+ Rxd8 37. cxd8=Q+ Kg7 38. Rc7+ Kg6 39. Qg8+ 1-0

[Event "Let's Play Chess!"]
[Site "http://www.queenalice.com/game.php?id=303835"]
[Date "2007.11.14"]
[Round "-"]
[White "noxxon"]
[Black "kaypoh"]
[Result "0-1"]
[WhiteElo "1389"]
[BlackElo "1893"]

1. e4 e6 2. Nf3 d5 3. Ne5 dxe4 4. f3 exf3 5. Qxf3 Nf6 6. b3 Bd6 7. Bb2 O-O 8.
Bd3 Nbd7 9. Ng4 Nxg4 10. Qxg4 Nf6 11. Rf1 Nxg4 12. h3 Nf6 13. Rf3 e5 14. Nc3 Re8
15. Kf2 e4 16. Nxe4 Nxe4+ 17. Kg1 Qh4 18. Bxe4 Qxe4 19. Raf1 Be6 20. g4 Rad8 21.
d3 Qg6 22. a4 h5 23. Rg3 Bxg3 24. b4 hxg4 25. hxg4 Qxg4 26. Kg2 Bd5+ 27. Kg1
Bh4+ 0-1

[Event "Let's Play Chess!"]
[Site "http://www.queenalice.com/game.php?id=303839"]
[Date "2007.11.14"]
[Round "-"]
[White "CJ"]
[Black "kaypoh"]
[Result "1-0"]
[WhiteElo "1680"]
[BlackElo "1981"]

1. Nf3 d5 2. Nc3 Nf6 3. Ng5 e5 4. e3 Bb4 5. Nb5 O-O 6. c3 Bd6 7. f3 Bf5 8. g4
Bg6 9. b4 Re8 10. Ba3 h6 11. Nh3 Nc6 12. g5 hxg5 13. Nxg5 Nh5 14. h4 a5 15. Qb3
Ne7 16. d4 f6 17. Ne6 Qd7 18. Bh3 Qxb5 19. dxe5 fxe5 20. Rg1 Bf7 21. Rd1 c6 22.
bxa5 Qxb3 23. axb3 Bxa3 24. Nc7 Rxa5 25. Nxe8 Bxe8 26. b4 Ra8 27. Be6+ Kf8 28.
e4 Bf7 29. Bxf7 Kxf7 30. exd5 cxd5 31. b5 Bc5 32. Rg5 Nf6 33. Ke2 Bd6 34. h5 Bc5
35. Rxe5 b6 36. f4 Ra5 37. Rb1 Ne4 38. Rb3 Nd6 39. Rg5 Nxb5 40. f5 Kf6 41. Rg4
Nxf5 42. Rg6+ Ke5 43. Rb1 Nxc3+ 44. Kd3 Nxb1 45. Ke2 Na3 46. Kf3 1-0

[Event "Let's Play Chess!"]
[Site "http://www.queenalice.com/game.php?id=304459"]
[Date "2007.11.15"]
[Round "-"]
[White "kaypoh"]
[Black "lucianovdemelo"]
[Result "1-0"]
[WhiteElo "1912"]
[BlackElo "1451"]

1. d4 d5 2. c4 e6 3. Nc3 Bb4 4. Nf3 Nf6 5. Bg5 O-O 6. Rc1 Nc6 7. e3 Bd7 8. Bd3
Qe7 9. O-O a5 10. cxd5 exd5 11. Nxd5 Qe6 12. Nxf6+ gxf6 13. Bh6 Rfe8 14. a3 Bd6
15. d5 Qe7 16. dxc6 Bxc6 17. Re1 a4 18. e4 f5 19. e5 Bc5 20. Be3 Qe6 21. Bxc5
Red8 22. Qc2 Bxf3 23. gxf3 Qg6+ 24. Kh1 b6 25. Rg1 bxc5 26. Rxg6+ fxg6 27. Bb5
Rd5 28. Bc4 Kg7 29. Bxd5 Rd8 30. Qxc5 Rf8 31. Qe7+ Kh6 32. Qxf8+ Kg5 33. Rc4 h5
34. h4# 1-0

[Event "Let's Play Chess!"]
[Site "http://www.queenalice.com/game.php?id=304472"]
[Date "2007.11.15"]
[Round "-"]
[White "kaypoh"]
[Black "filipe_pinheiro"]
[Result "0-1"]
[WhiteElo "1883"]
[BlackElo "2089"]

1. c4 e5 2. g3 Nf6 3. Bg2 Bb4 4. a3 Bc5 5. Nc3 O-O 6. d3 a6 7. Bg5 h6 8. Bxf6
Qxf6 9. Nf3 Nc6 10. O-O d6 11. b4 Ba7 12. Kh1 Qd8 13. Ng1 Nd4 14. e3 Ne6 15.
Nge2 Rb8 16. a4 h5 17. Qd2 h4 18. Rab1 Qg5 19. b5 a5 20. gxh4 Qxh4 21. f4 f6 22.
fxe5 dxe5 23. Nd5 Kf7 24. d4 exd4 25. exd4 Rh8 26. Kg1 Qxh2+ 27. Kf2 Qh4+ 0-1

[Event "Let's Play Chess!"]
[Site "http://www.queenalice.com/game.php?id=304473"]
[Date "2007.11.15"]
[Round "-"]
[White "sioux"]
[Black "kaypoh"]
[Result "0-1"]
[WhiteElo "1643"]
[BlackElo "1960"]

1. c4 e6 2. d3 Nf6 3. Nf3 d5 4. Bg5 Be7 5. e3 dxc4 6. dxc4 Qxd1+ 7. Kxd1 O-O 8.
Be2 Rd8+ 9. Ke1 Nc6 10. b3 e5 11. Nc3 h6 12. Bh4 Bf5 13. Nb5 Rac8 14. g3 Be4 15.
Rg1 Bxf3 16. Bxf3 g5 17. Bxc6 bxc6 18. Nxa7 Ra8 19. Nxc6 Re8 20. Bxg5 hxg5 21.
Nxe5 Bb4+ 22. Kf1 Rxe5 23. a4 Ne4 24. Rd1 Nd2+ 25. Kg2 Ba5 26. Rh1 Nxb3 27. h4
Bb6 28. hxg5 Rxg5 29. Rd3 Nc5 30. Ra3 Rxa4 31. Rc3 Ne4 32. Rd3 Rxc4 33. Rh4 Nd6
34. f4 Rg7 35. Rd1 f5 36. Re1 Re4 37. Kf3 c5 38. Rh6 Rd7 39. Reh1 Kf8 40. Rd1
Bc7 41. Rc1 c4 42. Rh8+ Ke7 43. Rh7+ Nf7 44. Rh5 Kf6 45. Rh4 Ba5 46. g4 Rxe3+
47. Kxe3 Bd2+ 48. Kf3 Bxc1 49. Rh1 Rd3+ 0-1

[Event "Let's Play Chess!"]
[Site "http://www.queenalice.com/game.php?id=304474"]
[Date "2007.11.15"]
[Round "-"]
[White "sioux"]
[Black "kaypoh"]
[Result "0-1"]
[WhiteElo "1610"]
[BlackElo "1704"]

1. d4 e6 2. e3 d5 3. Bb5+ Nc6 4. Nf3 Bd7 5. O-O Bd6 6. b3 Nf6 7. h3 O-O 8. Ba3
Qe7 9. Bxc6 Bxc6 10. Nbd2 Bxa3 11. Qe2 Bd6 12. c4 b6 13. Rac1 e5 14. cxd5 Bxd5
15. a4 exd4 16. Nxd4 Bb7 17. Nf5 Qd7 18. Qd3 Bh2+ 0-1

[Event "Let's Play Chess!"]
[Site "http://www.queenalice.com/game.php?id=305025"]
[Date "2007.11.16"]
[Round "-"]
[White "kaypoh"]
[Black "spawnwolfwolverine"]
[Result "1-0"]
[WhiteElo "1873"]
[BlackElo "1596"]

1. d4 d5 2. c4 dxc4 3. e3 b5 4. Nf3 e6 5. Nc3 Bb4 6. Qc2 Nf6 7. Be2 O-O 8. O-O
Bxc3 9. bxc3 Bb7 10. Nd2 Qd5 11. Bf3 Qxf3 12. Nxf3 Bxf3 13. gxf3 Nbd7 14. e4 e5
15. d5 a5 16. Rb1 Rab8 17. f4 exf4 18. Bxf4 Rb7 19. Rfd1 h6 20. e5 Nh5 21. Qf5
Nxf4 22. Qxf4 f6 23. e6 Ne5 24. Qe4 Rbb8 25. d6 cxd6 26. Rxd6 b4 27. f4 Ng6 28.
Qxg6 bxc3 29. Rd7 Rxb1+ 30. Qxb1 Re8 31. Qg6 c2 32. Qxg7# 1-0

[Event "Let's Play Chess!"]
[Site "http://www.queenalice.com/game.php?id=317251"]
[Date "2007.12.9"]
[Round "-"]
[White "kaypoh"]
[Black "stuge"]
[Result "1-0"]
[WhiteElo "1896"]
[BlackElo "1402"]

1. c4 e6 2. d4 c5 3. Nf3 Nc6 4. d5 exd5 5. cxd5 Nb4 6. e4 d6 7. Nc3 Nf6 8. a3
Na6 9. Bc4 g6 10. Qd3 Ng4 11. Bf4 Nh6 12. h3 f5 13. e5 b6 14. Bxa6 Rg8 15. Bb5+
1-0

[Event "Let's Play Chess!"]
[Site "http://www.queenalice.com/game.php?id=317252"]
[Date "2007.12.9"]
[Round "-"]
[White "kaypoh"]
[Black "benilux"]
[Result "1-0"]
[WhiteElo "1930"]
[BlackElo "1662"]

1. c4 e5 2. g3 Bc5 3. Bg2 Nf6 4. Nc3 d5 5. Nxd5 Nxd5 6. Bxd5 b5 7. Bxa8 Qf6 8.
e3 c6 9. Bxc6+ Nxc6 10. cxb5 Nb4 11. Qb3 O-O 12. Qc4 Bb7 13. f3 Rc8 14. Qb3 Bxf3
15. Nxf3 Qxf3 16. Rf1 Qh5 17. a3 Nd5 18. Qxd5 1-0

[Event "Let's Play Chess!"]
[Site "http://www.queenalice.com/game.php?id=317255"]
[Date "2007.12.9"]
[Round "-"]
[White "kaypoh"]
[Black "spawnwolfwolverine"]
[Result "1-0"]
[WhiteElo "1987"]
[BlackElo "1781"]

1. c4 c5 2. g3 d6 3. Bg2 Nf6 4. Nc3 e5 5. d3 Be7 6. Bg5 O-O 7. Bxf6 Bxf6 8. Bh3
Bxh3 9. Nxh3 Nc6 10. f4 exf4 11. Nxf4 Bxc3+ 12. bxc3 a6 13. d4 cxd4 14. cxd4 b5
15. c5 dxc5 16. dxc5 Qxd1+ 17. Rxd1 Nb4 18. Rd2 g5 19. Nd3 Nxd3+ 20. exd3 Rac8
21. d4 f6 22. O-O Rfd8 23. Rc1 Kf7 24. d5 Ke7 25. Kf2 f5 26. Kf3 h5 27. h3 a5
28. Ke3 Kf6 29. Kd4 f4 30. gxf4 gxf4 31. c6 f3 32. Rf2 Kg5 33. Rxf3 Kh4 34. Kc5
b4 35. Rc4+ Kg5 36. h4+ Kg6 37. Rff4 Kh6 38. d6 Rg8 39. d7 Rcd8 40. Kd6 Ra8 41.
c7 Ra6+ 42. Ke7 Rg7+ 43. Rf7 Rg8 44. c8=Q Rxc8 45. dxc8=Q Ra7+ 46. Rc7 Rxc7+ 47.
Qxc7 a4 48. Qc6# 1-0

[Event "Let's Play Chess!"]
[Site "http://www.queenalice.com/game.php?id=317259"]
[Date "2007.12.9"]
[Round "-"]
[White "spawnwolfwolverine"]
[Black "kaypoh"]
[Result "1-0"]
[WhiteElo "1520"]
[BlackElo "1953"]

1. c4 e5 2. d3 c6 3. e4 Nf6 4. Bg5 Bd6 5. Nf3 Bc7 6. Be2 O-O 7. O-O Re8 8. Nc3
h6 9. Bxf6 Qxf6 10. b3 b6 11. g3 Bb7 12. a4 Qd8 13. b4 d5 14. b5 dxc4 15. dxc4
cxb5 16. Nxb5 Nd7 17. Nxc7 Qxc7 18. Qb3 Bxe4 19. Rac1 Nc5 20. Qb5 Qb7 21. Rc3
Bc6 22. Qb4 Bxa4 23. h4 Bc6 24. Re3 Nd7 25. Rd1 Qc7 26. Nh2 a5 27. Qb3 Nc5 28.
Qb2 e4 29. Rb1 Ra6 30. f3 Qxg3+ 31. Kh1 exf3 32. Rxe8+ Bxe8 33. Bxf3 Nd3 34. Qg2
Qc7 35. Bd5 Nc5 36. Re1 Bd7 37. Re7 Ne6 38. Ng4 Qd6 39. Rxd7 Qxd7 40. Ne5 Qc7
41. Bxe6 1-0

[Event "Let's Play Chess!"]
[Site "http://www.queenalice.com/game.php?id=317260"]
[Date "2007.12.9"]
[Round "-"]
[White "rvc22"]
[Black "kaypoh"]
[Result "0-1"]
[WhiteElo "1391"]
[BlackElo "1966"]

1. d4 e6 2. e4 d5 3. exd5 exd5 4. Nc3 Bb4 5. Bd2 Nc6 6. Qe2+ Qe7 7. Qxe7+ Ngxe7
8. a3 Ba5 9. b4 Bb6 10. Bg5 Nxd4 11. O-O-O Ndf5 12. Re1 Be6 13. Nf3 h6 14. Bxe7
Nxe7 15. Bb5+ c6 16. Bd3 Bxf2 17. Ref1 Bb6 18. Ne5 O-O 19. Rf3 Bd4 20. Nxc6 Nxc6
21. Nb5 Bb6 22. Nd6 Rab8 23. Rhf1 Bc7 24. Bf5 Bxd6 25. Bxe6 fxe6 26. Rxf8+ Rxf8
27. Re1 e5 28. Kd2 Nxb4 29. Kc3 Nc6 30. a4 a6 0-1

[Event "Let's Play Chess!"]
[Site "http://www.queenalice.com/game.php?id=317261"]
[Date "2007.12.9"]
[Round "-"]
[White "papilon_br"]
[Black "kaypoh"]
[Result "0-1"]
[WhiteElo "1614"]
[BlackElo "1963"]

1. e4 e6 2. Nf3 d5 3. e5 f6 4. d4 c5 5. Be3 Nc6 6. dxc5 fxe5 7. Bb5 Qc7 8. O-O
d4 9. Bg5 Bxc5 10. Bxc6+ bxc6 11. Nbd2 h6 12. Ne4 Bb6 13. Bd2 c5 14. Ng3 Nf6 15.
c3 O-O 16. Re1 Nd7 17. cxd4 cxd4 18. Qb3 Nc5 19. Qb4 Nd3 0-1

[Event "Let's Play Chess!"]
[Site "http://www.queenalice.com/game.php?id=317262"]
[Date "2007.12.9"]
[Round "-"]
[White "Lord_Lelis"]
[Black "kaypoh"]
[Result "1-0"]
[WhiteElo "1825"]
[BlackElo "2004"]

1. e4 e6 2. d4 d5 3. Bd3 c5 4. c3 Nc6 5. Nf3 Qb6 6. O-O g6 7. e5 Bg7 8. a3 Bd7
9. Be3 cxd4 10. Nxd4 Bxe5 11. Nxe6 d4 12. cxd4 Bxe6 13. dxe5 Qc7 14. f4 f6 15.
Nc3 fxe5 16. fxe5 Nxe5 17. Be4 Rd8 18. Qa4+ Nc6 19. Nb5 Qd7 20. Rad1 Qc8 21.
Nd6+ Rxd6 22. Rxd6 Bd7 23. Bxc6 Bxc6 24. Qd4 Nf6 25. Rfxf6 Bd7 26. Qe5+ Kd8 27.
Bg5 Re8 28. Rfe6+ Kc7 29. Ra6# 1-0

[Event "Let's Play Chess!"]
[Site "http://www.queenalice.com/game.php?id=317903"]
[Date "2007.12.10"]
[Round "-"]
[White "kaypoh"]
[Black "Enrico"]
[Result "1-0"]
[WhiteElo "1973"]
[BlackElo "1769"]

1. c4 e5 2. g3 d5 3. cxd5 Qxd5 4. Nf3 Nc6 5. Nc3 Qd8 6. Bg2 Bb4 7. O-O Nge7 8.
d3 Bxc3 9. bxc3 O-O 10. d4 exd4 11. cxd4 Bg4 12. Bb2 Qd5 13. Re1 Rad8 14. e4 Qb5
15. Qd2 h6 16. Rac1 f6 17. Ba1 Qa5 18. Qxa5 Nxa5 19. Rxc7 Nec6 20. d5 Nb8 21.
Rc3 Rc8 22. Rd3 b6 23. a3 Nd7 24. Nh4 Nc4 25. h3 Bh5 26. g4 Be8 27. f4 Nc5 28.
Rg3 Rc7 29. e5 fxe5 30. fxe5 a5 31. Rc3 b5 32. d6 Rd7 33. Bd5+ Kh8 34. Bxc4 bxc4
35. Rxc4 Ne6 36. Rc8 g5 37. Nf5 Kh7 38. Nd4 Nxd4 39. Bxd4 Kg8 40. Bc5 Bg6 41.
Rxf8+ Kxf8 42. e6 Rb7 43. d7+ 1-0

[Event "Let's Play Chess!"]
[Site "http://www.queenalice.com/game.php?id=317905"]
[Date "2007.12.10"]
[Round "-"]
[White "Enrico"]
[Black "kaypoh"]
[Result "0-1"]
[WhiteElo "1777"]
[BlackElo "1995"]

1. e4 e6 2. Nf3 d5 3. exd5 exd5 4. Qe2+ Be6 5. Qb5+ Nc6 6. Qxb7 Bd7 7. Qb3 Nf6
8. d4 Bd6 9. Bg5 Rb8 10. Bxf6 Qxf6 11. Qxd5 Rxb2 12. Qe4+ Qe6 13. Qxe6+ Bxe6 14.
c4 Nb4 15. Bd3 Nxd3+ 16. Kf1 Rxf2+ 17. Kg1 Bxc4 18. Nc3 O-O 19. Ne4 Re2 20. Nc3
Re6 21. h3 Rfe8 22. d5 R6e7 23. g4 Be5 24. Nxe5 Rxe5 25. Kg2 Bxd5+ 26. Nxd5 Rxd5
27. Rad1 Nf4+ 28. Kg3 Rxd1 29. Rxd1 Ne6 30. a4 Rc8 31. a5 c5 32. Rd7 Rc7 33. Rd5
g6 34. h4 c4 35. Rd1 c3 36. Kf3 Kf8 37. Ke3 Ke7 38. Rc1 Kd6 39. Rd1+ Kc5 40. Rc1
Kb4 41. Kd3 Rc5 42. g5 Nf4+ 43. Kc2 Kxa5 44. Ra1+ Kb6 45. Ra4 Nd5 46. Ra1 a5 47.
Kd3 Nb4+ 48. Kd4 c2 49. Ke3 c1=Q+ 50. Rxc1 Rxc1 51. Kd2 Rc6 52. Kd1 a4 0-1

[Event "Let's Play Chess!"]
[Site "http://www.queenalice.com/game.php?id=326779"]
[Date "2007.12.28"]
[Round "-"]
[White "kaypoh"]
[Black "CampbellMarcel"]
[Result "1-0"]
[WhiteElo "1952"]
[BlackElo "1711"]

1. c4 Nf6 2. Nc3 e6 3. g3 c6 4. Bg2 d5 5. b3 Bb4 6. cxd5 Bxc3 7. dxc3 exd5 8. c4
Be6 9. cxd5 Nxd5 10. e4 Nc3 11. Qxd8+ Kxd8 12. Bb2 Nb5 13. Bxg7 Rg8 14. Bb2 Nd7
15. Ne2 Kc7 16. O-O Rad8 17. Rac1 Nb6 18. Rfd1 Rxd1+ 19. Rxd1 Nd7 20. f4 Nd6 21.
f5 Nxf5 22. exf5 Bxf5 23. Nf4 Re8 24. Kf2 Nc5 25. Rd4 1-0

[Event "Let's Play Chess!"]
[Site "http://www.queenalice.com/game.php?id=326780"]
[Date "2007.12.28"]
[Round "-"]
[White "kaypoh"]
[Black "CampbellMarcel"]
[Result "1-0"]
[WhiteElo "1939"]
[BlackElo "1632"]

1. c4 e5 2. g3 Bc5 3. Bg2 Nf6 4. Nc3 Bxf2+ 5. Kxf2 Ng4+ 6. Ke1 Qf6 7. Bf3 Nh6 8.
d3 d6 9. Bxh6 Qxh6 10. Qc1 Qe6 11. Bg2 c6 12. Bh3 f5 13. e4 Qf7 14. Nge2 O-O 15.
Rf1 Qh5 16. Ng1 Be6 17. Nce2 g5 18. exf5 Bxf5 19. Bxf5 Qxh2 20. Qxg5+ 1-0

[Event "Let's Play Chess!"]
[Site "http://www.queenalice.com/game.php?id=326782"]
[Date "2007.12.29"]
[Round "-"]
[White "kaypoh"]
[Black "Knighty13"]
[Result "0-1"]
[WhiteElo "1923"]
[BlackElo "1756"]

1. c4 e6 2. d4 d5 3. Nc3 Nf6 4. Bg5 Nbd7 5. e3 c6 6. Nf3 Qa5 7. Rc1 Bb4 8. Qb3
Ne4 9. Bf4 O-O 10. Bd3 Nxc3 11. bxc3 Ba3 12. Rb1 Be7 13. cxd5 cxd5 14. Qc2 Nf6
15. Bg5 h6 16. Bh4 Re8 0-1

[Event "Let's Play Chess!"]
[Site "http://www.queenalice.com/game.php?id=326783"]
[Date "2007.12.29"]
[Round "-"]
[White "kaypoh"]
[Black "BruceA"]
[Result "0-1"]
[WhiteElo "1900"]
[BlackElo "1886"]

1. c4 Nf6 2. g3 e5 3. Bg2 Bc5 4. d3 O-O 5. Nh3 c6 6. O-O d5 7. Bg5 dxc4 8. Bxf6
Qxf6 9. dxc4 Bg4 10. Nc3 Qf5 11. Ne4 Be7 12. Nhg5 Bxg5 13. Nxg5 Qxg5 14. Qc2 Nd7
15. Rac1 Nf6 16. h3 Be6 17. Rfd1 e4 18. Bxe4 Nxe4 0-1